Statistics for My Little Pony Episode Titles S1 - S8

Click here to take the quiz!

General Stats

  • This quiz has been taken 70 times
  • The average score is 82 of 195

Answer Stats

All the episodes whoops% Correct
Friendship Is Magic Part 1
83%
Friendship Is Magic Part 2
83%
A Canterlot Wedding Part 1
78%
A Canterlot Wedding Part 2
78%
The Ticket Master
78%
Magical Mystery Cure
72%
Return of Harmony Part 1
72%
Return of Harmony Part 2
72%
The Crystalling Part 1
72%
The Crystalling Part 2
72%
Twilight's Kingdom Part 1
72%
Twilight's Kingdom Part 2
72%
Dragonshy
67%
MMMystery on the Friendship Express
67%
Princess Twilight Sparkle Part 1
67%
Princess Twilight Sparkle Part 2
67%
School Daze Part 1
67%
School Daze Part 2
67%
Shadow Play Part 1
67%
Shadow Play part 2
67%
The Best Night Ever
67%
The Crystal Empire Part 1
67%
The Crystal Empire Part 2
67%
The Cutie Map Part 1
67%
The Cutie Map Part 2
67%
The Cutie Mark Chronicles
67%
The Cutie Re-Mark Part 1
67%
The Cutie Re-Mark Part 2
67%
Winter Wrap Up
67%
Boast Busters
61%
Fall Weather Friends
61%
Feeling Pinkie Keen
61%
Green Isn't Your Color
61%
Lesson Zero
61%
Luna Eclipsed
61%
Pinkie Apple Pie
61%
Pinkie Pride
61%
School Raze Part 1
61%
School Raze Part 2
61%
Sisterhooves Social
61%
A Friend in Deed
56%
A Hearth's Warming Tail
56%
Applebuck Season
56%
Bridle Gossip
56%
Dragon Quest
56%
Hearth's Warming Eve
56%
Keep Calm and Flutter On
56%
May the Best Pet WIn!
56%
Party of One
56%
Princess Spike
56%
Rarity Investigates!
56%
Rarity Takes Manehattan
56%
Slice of Life
56%
Sonic Rainboom
56%
Stare Master
56%
Suited for Success
56%
Swarm of the Century
56%
Three's a Crowd
56%
Too Many Pinkie Pies
56%
To Where and Back Again Part 1
56%
To Where and Back Again Part 2
56%
A Bird In the Hoof
50%
A Dog and Pony Show
50%
All Bottled Up
50%
Bats!
50%
Call of the Cutie
50%
Canterlot Boutique
50%
Castle Mane-ia
50%
Celestial Advice
50%
Daring Done?
50%
Do Princesses Dream of Magic Sheep?
50%
Every Little Thing She Does
50%
Griffon the Brush-Off
50%
Hurricane Fluttershy
50%
Look Before You Sleep
50%
One Bad Apple
50%
Over a Barrel
50%
Owl's Well That Ends Well
50%
Rainbow Falls
50%
The Cutie Pox
50%
The Show Stoppers
50%
Wonderbolts Academy
50%
Baby Cakes
44%
Bloom & Gloom
44%
Brotherhooves Social
44%
Crusaders of the Lost Mark
44%
Daring Don't
44%
Equestria Games
44%
Filli Vanilli
44%
Magic Duel
44%
Make New Friends but Keep Discord
44%
Putting Your Hoof Down
44%
Sleepless in Ponyville
44%
Spike at Your Service
44%
The Last Roundup
44%
The Super Speedy Cider Squeezy 6000
44%
What About Discord?
44%
Amending Fences
39%
Discordant Harmony
39%
Dungeons & Discords
39%
Friendship University
39%
Hearts and Hooves Day
39%
It ain't Easy Being Breezies
39%
It's About Time
39%
Leap of Faith
39%
Molt Down
39%
No Second Prances
39%
Ponyville Confidential
39%
Power Ponies
39%
P.P.O.V (Pony Point of View)
39%
Read It and Weep
39%
Road to Friendship
39%
Scare Master
39%
Secret of My Excess
39%
Sounds of Silence
39%
Sweet and Elite
39%
The Mysterious Mare Do Well
39%
Trade Ya!
39%
Twilight Time
39%
A Flurry of Emotions
33%
A Rockhoof and a Hard Place
33%
A Royal Problem
33%
Campfire Tales
33%
Castle Sweet Castle
33%
Family Appreciation Day
33%
Father Knows Beast
33%
For Whom the Sweetie Belle Toils
33%
Games Ponies Play
33%
Hearthbreakers
33%
Inspiration Manifestation
33%
Just for Sidekicks
33%
Made In Manehattan
33%
Maud Pie
33%
Parental Glideance
33%
Party Pooped
33%
Spice Up Your Life
33%
Surf and or Turf
33%
Testing Testing 1, 2, 3
33%
The Hooffields and McColts
33%
The Lost Treasure of Griffonstone
33%
The Mane Attraction
33%
The Parent Map
33%
Viva Las Pegasus
33%
A Matter of Principles
28%
Apple Family Reunion
28%
Applejack's Day Off
28%
Gauntlet of Fire
28%
Somepony to Watch Over Me
28%
Stranger Than Fan Fiction
28%
The Gift of Maud Pie
28%
The Mean 6
28%
The One Where Pinkie Pie Knows
28%
The Saddle Row Review
28%
Triple Threat
28%
What Lies Beneath
28%
28 Pranks Later
22%
Appleoosa's Most Wanted
22%
Grannies Gone Wild
22%
Newbie Dash
22%
Simple Ways
22%
Tanks for the Memories
22%
The End in Friend
22%
The Hearth's Warming Club
22%
The Washouts
22%
To Change a Changeling
22%
Top Bolt
22%
A Health of Information
17%
Flight to the Finish
17%
Flutter Brutter
17%
Fluttershy Leans In
17%
Horse Play
17%
Non-Compete Clause
17%
Secrets and Pies
17%
The Break Up Breakdown
17%
The Cart Before the Ponies
17%
The Fault in Our Cutie Marks
17%
The Maud Couple
17%
The Perfect Pear
17%
The Times They Are a Changeling
17%
Yakity-Sax
17%
Buckball Season
11%
Fake It 'Til You Make It
11%
Fame and Misfortune
11%
Forever Filly
11%
Hard to Say Anything
11%
Honest Apple
11%
Marks and Recreation
11%
Marks for Effort
11%
Not Asking for Trouble
11%
Once Upon a Zeppelin
11%
Uncommon Bond
11%
It Isn't the Mane Thing About You
6%
On Your Marks
6%
Where the Apple Lies
6%
Rock Solid Relationship
0%

Score Distribution

Percentile by Number Answered

Percent of People with Each Score

Your Score History

You have not taken this quiz